| 000 | 00734nam a2200241Ia 4500 | ||
|---|---|---|---|
| 003 | OSt | ||
| 005 | 20220918215926.0 | ||
| 006 | a|||||r|||| 00| 0 | ||
| 007 | ta | ||
| 008 | 220917b |||||||| |||| 00| 0 eng d | ||
| 024 | _a143,397 | ||
| 037 | _cTextual | ||
| 040 |
_aARTS _cARTS _beng |
||
| 041 |
_2eng _aeng |
||
| 082 | _aY152.6.N7, K6 | ||
| 100 |
_aLloyd P C Ed _9135870 |
||
| 245 | 0 |
_aNew elites of tropical Africa _b Studies presented and discussed at the sixth international African seminar Universtiy of Iban 1964 |
|
| 260 |
_aLondon _bOxford University Press UK _c1966 |
||
| 300 |
_a390p _ccm. |
||
| 650 | _aSOCIOLOGY | ||
| 942 |
_hY152.6.N7, K6 _cTEXL _2CC |
||
| 999 |
_c266350 _d266350 |
||